000 00530nmm a2200181Ia 4500
008 251105s9999||||xx |||||||||||||||||und||
020 _a9788431535865
041 _aspa
100 _aPrandoni, Anna
245 0 _aLa cocina asiática y sus bebidas
264 _a[Madrid, España] :
_bDe Vecchi,
_c[Fecha de publicación no identificada]
300 _a0 páginas
650 _aCooking
700 _aPrandoni, Anna
700 1 _a Ghionna, Raffaella
856 _uhttps://public.digitaliapublishing.com/a/123360
942 _cCF
999 _c70149
_d70149